000 00278nam a2200109Ia 4500
008 220204s9999 xx 000 0 und d
082 _a678(058)
_bPET
245 0 _aPolymer year book 2
260 _aNew York
_bHarwood Academic
_c1985
700 _aPethrick Richard, A
942 _cBK
999 _c39806
_d39806